| 000 | 00366cam a2200145ua 4500 | ||
|---|---|---|---|
| 041 |
_aeng _h |
||
| 082 |
_a922.945 _bNIK/HO |
||
| 100 | _aNikhilananda, Swami . | ||
| 245 |
_aHoly Mother / _cSwami Nikhilananda. _hTextual Documents |
||
| 260 |
_aLondon : _bGeorge Allen & Unwin Ltd , _c1963. |
||
| 300 | _a330 ; . | ||
| 504 | _a | ||
| 942 | _cBK | ||
| 999 |
_c1121 _d1121 |
||